[Event "Winnipeg TNT Jan op"]
[Site "Winnipeg CAN"]
[Date "1998.01.27"]
[Round "4"]
[White "Hassain, Mahmud"]
[Black "Gushuliak, Justin"]
[Result "1-0"]
[WhiteElo "1919"]
[BlackElo "1665"]
[PlyCount "67"]
[GameId "2160767911874091"]
[EventDate "1998.01.06"]
[EventType "swiss"]
[EventRounds "4"]
[EventCountry "CAN"]

1. c4 Nf6 2. Nc3 g6 3. g3 Bg7 4. Bg2 c6 5. e4 e5 6. b4 d6 7. Nf3 Na6 8. Rb1 Be6 9. d3 h6 10. O-O O-O 11. h3 Qe7 12. Be3 Nd7 13. Qd2 g5 14. Nd5 cxd5 15. cxd5 Bxd5 16. exd5 f5 17. Rfe1 Qf7 18. Qe2 Nf6 19. b5 Nc7 20. b6 Ncxd5 21. bxa7 Nc3 22. Qb2 Nxb1 23. Rxb1 Nd7 24. Qxb7 f4 25. Nxe5 Qf5 26. Qd5+ Kh8 27. Ng6+ Qxg6 28. Qxa8 Rxa8 29. Bxa8 fxe3 30. Be4 exf2+ 31. Kf1 Qe8 32. a8=Q Qxa8 33. Bxa8 Bd4 34. Be4 1-0

[Event "Winnipeg TNT Jan op"]
[Site "Winnipeg CAN"]
[Date "1998.01.27"]
[Round "4"]
[White "Trueman, Francis"]
[Black "Herkert, Dean"]
[Result "0-1"]
[WhiteElo "1687"]
[BlackElo "1665"]
[PlyCount "60"]
[GameId "2160767911874092"]
[EventDate "1998.01.06"]
[EventType "swiss"]
[EventRounds "4"]
[EventCountry "CAN"]

1. e4 Nf6 2. d3 d5 3. Nd2 e5 4. Ngf3 Bg4 5. g3 dxe4 6. dxe4 Nxe4 7. Qe2 Nxd2 8. Qxe5+ Qe7 9. Qxe7+ Bxe7 10. Nxd2 Nc6 11. Bg2 Nd4 12. Be4 O-O 13. O-O Rad8 14. Kg2 Ne2 15. Nb3 Nxc1 16. Raxc1 b6 17. Rfe1 Bg5 18. Rb1 c5 19. c4 Be6 20. h4 Bh6 21. Bc6 Bxc4 22. Re7 Rd6 23. Bf3 a5 24. Ra7 Be6 25. Re1 Rfd8 26. Re2 g6 27. Be4 R6d7 28. Ra6 Bc4 29. Bc6 Bxa6 30. Bxd7 Bxe2 0-1

[Event "Winnipeg TNT July op"]
[Site "Winnipeg CAN"]
[Date "1998.07.07"]
[Round "1"]
[White "Magyar, Peter"]
[Black "Nikouline, Alexandre"]
[Result "0-1"]
[WhiteElo "1386"]
[BlackElo "2064"]
[PlyCount "86"]
[GameId "2160767911872793"]
[EventDate "1998.07.07"]
[EventType "swiss"]
[EventRounds "4"]
[EventCountry "CAN"]

1. e4 c5 2. Nc3 Nc6 3. g3 Nf6 4. Bg2 g6 5. d3 Bg7 6. f4 d6 7. Nf3 O-O 8. O-O Ng4 9. h3 Nf6 10. a3 Bd7 11. Qe1 Nd4 12. Nxd4 cxd4 13. Ne2 Qc8 14. Nxd4 Bxh3 15. f5 Bxg2 16. Kxg2 Ng4 17. c3 Bxd4 18. cxd4 Qc2+ 19. Kh3 h5 20. Qd2 Rac8 21. Kh4 Qxd2 22. Bxd2 Rc2 23. Bc3 f6 24. Rh1 g5+ 25. Kxh5 Nf2 26. Kg6 Nxh1 27. Rxh1 Rf7 28. Rh8+ Kxh8 29. Kxf7 Rg2 30. Kxe7 Rxg3 31. Kxf6 g4 32. Kf7 Rxd3 33. d5+ Rxc3 34. bxc3 g3 35. Ke6 g2 36. f6 g1=Q 37. f7 Kg7 38. e5 Qg6+ 39. Ke7 Qxf7+ 40. Kxd6 Kf8 41. e6 Qe7+ 42. Ke5 Qxa3 43. d6 Qc5+ 0-1

[Event "Winnipeg TNT July op"]
[Site "Winnipeg CAN"]
[Date "1998.07.07"]
[Round "1"]
[White "Taylor, Gordon2"]
[Black "Gibbons, Lorne"]
[Result "1-0"]
[WhiteElo "1635"]
[BlackElo "1377"]
[PlyCount "61"]
[GameId "2160767911872794"]
[EventDate "1998.07.07"]
[EventType "swiss"]
[EventRounds "4"]
[EventCountry "CAN"]

1. c4 e5 2. Nc3 Bb4 3. Nd5 Bc5 4. b4 Bd4 5. Rb1 c6 6. Nc3 d6 7. Bb2 a5 8. b5 Bxc3 9. Bxc3 cxb5 10. cxb5 Be6 11. a4 Nd7 12. e3 Nb6 13. Nf3 f6 14. d4 e4 15. Nd2 Bd5 16. Be2 Ne7 17. O-O O-O 18. Qc2 Rc8 19. Rfc1 Qc7 20. Qd1 Nd7 21. b6 Qd8 22. Bb5 Ra8 23. Bxd7 Qxd7 24. Rb5 Ra6 25. Rcb1 Rfa8 26. Qe2 Bc6 27. R5b2 Nc8 28. Qh5 g6 29. Qh4 f5 30. d5 Bxd5 31. Qf6 1-0

[Event "Winnipeg TNT July op"]
[Site "Winnipeg CAN"]
[Date "1998.07.07"]
[Round "1"]
[White "Trueman, Francis"]
[Black "Matwychuk, Norman"]
[Result "0-1"]
[WhiteElo "1468"]
[BlackElo "1340"]
[PlyCount "60"]
[GameId "2160767911872795"]
[EventDate "1998.07.07"]
[EventType "swiss"]
[EventRounds "4"]
[EventCountry "CAN"]

1. Nf3 Nf6 2. d3 d6 3. Nbd2 Bf5 4. e4 Bg6 5. g3 e5 6. Bg2 h6 7. O-O Bh7 8. Re1 Nbd7 9. c3 Be7 10. a4 a5 11. d4 c6 12. Qe2 Qc7 13. dxe5 Nxe5 14. Nxe5 dxe5 15. Nc4 O-O 16. Be3 b5 17. axb5 cxb5 18. Nd2 Qc6 19. Bf4 Bd6 20. h4 Rfe8 21. Qd1 Bc7 22. b3 exf4 23. e5 Qb6 24. exf6 fxg3 25. Ne4 Bxe4 26. Re2 Bxg2 27. Kxg2 Qc6+ 28. Kh3 Rxe2 29. Qxe2 gxf2 30. Qxf2 Qxc3+ 0-1

[Event "Winnipeg TNT July op"]
[Site "Winnipeg CAN"]
[Date "1998.07.07"]
[Round "1"]
[White "Xia, Yanchong"]
[Black "Remillard, John"]
[Result "0-1"]
[WhiteElo "1354"]
[BlackElo "1608"]
[PlyCount "72"]
[GameId "2160767911872796"]
[EventDate "1998.07.07"]
[EventType "swiss"]
[EventRounds "4"]
[EventCountry "CAN"]

1. e4 e6 2. d4 d5 3. exd5 exd5 4. Nc3 Bb4 5. Bd2 Qe7+ 6. Qe2 Nf6 7. Qxe7+ Bxe7 8. O-O-O O-O 9. Nf3 Bg4 10. Be2 a6 11. Rhe1 Nc6 12. Bg5 Rad8 13. Ne5 Bxe2 14. Rxe2 Rfe8 15. Nxc6 bxc6 16. Rde1 Kf8 17. Bxf6 Bxf6 18. Rxe8+ Rxe8 19. Rxe8+ Kxe8 20. Ne2 Kd7 21. Kd2 c5 22. c3 cxd4 23. cxd4 c5 24. dxc5 Bxb2 25. Nc1 Bxc1+ 26. Kxc1 Kc6 27. Kc2 Kxc5 28. Kd3 a5 29. a3 Kb5 30. Kd4 Ka4 31. Kxd5 Kxa3 32. Kc4 Kb2 33. Kb5 Kc3 34. f4 Kd4 35. Kxa5 Ke4 36. g3 Kf3 0-1

[Event "Winnipeg TNT July op"]
[Site "Winnipeg CAN"]
[Date "1998.07.14"]
[Round "2"]
[White "Gibbons, Lorne"]
[Black "Trueman, Francis"]
[Result "0-1"]
[WhiteElo "1377"]
[BlackElo "1468"]
[PlyCount "66"]
[GameId "2160767911872797"]
[EventDate "1998.07.07"]
[EventType "swiss"]
[EventRounds "4"]
[EventCountry "CAN"]

1. e4 c6 2. Nc3 d5 3. exd5 cxd5 4. d4 Nf6 5. h3 Nc6 6. Bb5 a6 7. Bxc6+ bxc6 8. Bf4 e6 9. a3 Qb6 10. b4 a5 11. Na4 Qb5 12. c3 axb4 13. axb4 Ne4 14. f3 Nd6 15. Nb2 Ba6 16. Ne2 Be7 17. Ra5 Qb7 18. Qa4 O-O 19. Bxd6 Bxd6 20. f4 Bc7 21. Rc5 Bb5 22. Qc2 Bxe2 23. Kxe2 Bxf4 24. Nd3 Bd6 25. Ra5 Rxa5 26. bxa5 Qb5 27. Ra1 Ra8 28. Qa4 Qa6 29. Qb3 Rb8 30. Qa4 e5 31. Ke3 exd4+ 32. Qxd4 Re8+ 33. Kf3 Re4 0-1

[Event "Winnipeg TNT July op"]
[Site "Winnipeg CAN"]
[Date "1998.07.14"]
[Round "2"]
[White "Matwychuk, Norman"]
[Black "Taylor, Gordon2"]
[Result "0-1"]
[WhiteElo "1345"]
[BlackElo "1635"]
[PlyCount "78"]
[GameId "2160767911872798"]
[EventDate "1998.07.07"]
[EventType "swiss"]
[EventRounds "4"]
[EventCountry "CAN"]

1. e4 d6 2. Nf3 g6 3. d3 Bg7 4. g3 Nf6 5. Bg2 e5 6. O-O O-O 7. Nbd2 h6 8. Re1 Be6 9. Nf1 c6 10. Ne3 Nbd7 11. a4 d5 12. Nd2 d4 13. Nec4 Qc7 14. Rf1 Rfc8 15. b3 b5 16. Na3 a6 17. f4 Ng4 18. Nf3 h5 19. h3 Nh6 20. Ng5 Qd6 21. Nxe6 fxe6 22. fxe5 Nxe5 23. Bf4 Nhf7 24. Qd2 Kh7 25. Rf2 Rf8 26. Qe2 Bh6 27. Nb1 Qe7 28. Nd2 Nd7 29. Raf1 g5 30. Bxg5 Qxg5 31. Rxf7+ Kg6 32. Nf3 Qe3+ 33. Qxe3 Bxe3+ 34. Kh1 Rxf7 35. Nh4+ Kg7 36. Bf3 Ne5 37. Kg2 Nxf3 38. Nxf3 Raf8 39. h4 Rf6 0-1

[Event "Winnipeg TNT July op"]
[Site "Winnipeg CAN"]
[Date "1998.07.14"]
[Round "2"]
[White "Nikouline, Alexandre"]
[Black "Remillard, John"]
[Result "1-0"]
[WhiteElo "2064"]
[BlackElo "1608"]
[PlyCount "49"]
[GameId "2160767911872799"]
[EventDate "1998.07.07"]
[EventType "swiss"]
[EventRounds "4"]
[EventCountry "CAN"]

1. e4 c5 2. c3 d6 3. d4 cxd4 4. cxd4 g6 5. Bc4 Bg7 6. Ne2 Nf6 7. Nbc3 O-O 8. O-O Qc7 9. Bb3 a6 10. Bg5 Be6 11. Rc1 Qa5 12. d5 Bd7 13. Bd2 b5 14. Be3 Ng4 15. Bd4 Bh6 16. f4 Rc8 17. h3 Nf6 18. e5 dxe5 19. fxe5 Bxc1 20. Qxc1 b4 21. exf6 bxc3 22. Qh6 exf6 23. Rxf6 cxb2 24. Rxg6+ fxg6 25. Qg7# 1-0

[Event "Winnipeg TNT July op"]
[Site "Winnipeg CAN"]
[Date "1998.07.14"]
[Round "2"]
[White "Xia, Yanchong"]
[Black "Magyar, Peter"]
[Result "0-1"]
[WhiteElo "1354"]
[BlackElo "1386"]
[PlyCount "34"]
[GameId "2160767911872800"]
[EventDate "1998.07.07"]
[EventType "swiss"]
[EventRounds "4"]
[EventCountry "CAN"]

1. e4 e6 2. d4 d5 3. exd5 exd5 4. Nc3 Bb4 5. Bd2 Nc6 6. Bb5 Nge7 7. Nf3 O-O 8. O-O Bg4 9. Bg5 Bxf3 10. gxf3 Qd7 11. Bxe7 Bxe7 12. Re1 Qf5 13. Bxc6 bxc6 14. Rxe7 Qg5+ 15. Kf1 Qxe7 16. Qd3 Qd6 17. h3 Qh2 0-1

[Event "Winnipeg TNT July op"]
[Site "Winnipeg CAN"]
[Date "1998.07.21"]
[Round "3"]
[White "Gibbons, Lorne"]
[Black "Xia, Yanchong"]
[Result "0-1"]
[WhiteElo "1377"]
[BlackElo "1354"]
[PlyCount "48"]
[GameId "2160767911872801"]
[EventDate "1998.07.07"]
[EventType "swiss"]
[EventRounds "4"]
[EventCountry "CAN"]

1. e4 c5 2. Bc4 d6 3. Nc3 Nf6 4. d3 g6 5. Bf4 Bg7 6. Nf3 O-O 7. Qd2 Bg4 8. Nh4 Nc6 9. h3 Bd7 10. Nf3 a6 11. O-O-O b5 12. Bb3 Na5 13. Bd5 Nxd5 14. exd5 c4 15. Bh6 Rc8 16. Bxg7 Kxg7 17. g4 f5 18. Nd4 Qb6 19. Ne6+ Bxe6 20. dxe6 cxd3 21. cxd3 b4 22. Qg5 bxc3 23. Qxe7+ Kg8 24. gxf5 Qxb2# 0-1

[Event "Winnipeg TNT July op"]
[Site "Winnipeg CAN"]
[Date "1998.07.21"]
[Round "3"]
[White "Nikouline, Alexandre"]
[Black "Taylor, Gordon2"]
[Result "0-1"]
[WhiteElo "2060"]
[BlackElo "1635"]
[PlyCount "67"]
[GameId "2160767911872802"]
[EventDate "1998.07.07"]
[EventType "swiss"]
[EventRounds "4"]
[EventCountry "CAN"]

1. e4 e5 2. Nf3 Nc6 3. Bb5 a6 4. Ba4 Nf6 5. O-O b5 6. Bb3 Bc5 7. c3 Ng4 8. d4 exd4 9. cxd4 Bb6 10. Bxf7+ Kxf7 11. Ng5+ Ke8 12. Qxg4 d6 13. Ne6 Bxe6 14. Qxe6+ Qe7 15. Qd5 Kd7 16. Qf5+ Ke8 17. Be3 Bxd4 18. Bxd4 Nxd4 19. Qd5 Ne2+ 20. Kh1 Kd7 21. a4 c6 22. Qd3 Nf4 23. Qg3 Qe5 24. axb5 axb5 25. Nc3 b4 26. Na4 Kc7 27. Qe3 c5 28. g3 Ne6 29. f4 Qd4 30. Qe2 Rhd8 31. Rfd1 Qf6 32. Rd5 Nd4 33. Qc4 Qf8 34. Rxd4 0-1

[Event "Winnipeg TNT July op"]
[Site "Winnipeg CAN"]
[Date "1998.07.21"]
[Round "3"]
[White "Remillard, John"]
[Black "Matwychuk, Norman"]
[Result "1/2-1/2"]
[WhiteElo "1605"]
[BlackElo "2620"]
[PlyCount "36"]
[GameId "2160767911872803"]
[EventDate "1998.07.07"]
[EventType "swiss"]
[EventRounds "4"]
[EventCountry "CAN"]

1. e4 e6 2. Bc4 d5 3. exd5 exd5 4. Qe2+ Be6 5. Bb3 c6 6. Nf3 Nf6 7. O-O h6 8. Re1 Be7 9. d3 O-O 10. h3 Nbd7 11. c4 Re8 12. Nc3 Bd6 13. Be3 dxc4 14. dxc4 Qc8 15. Qd2 Ne5 16. Qxd6 Nxf3+ 17. gxf3 Bxh3 18. Bxh6 Qf5 1/2-1/2

[Event "Winnipeg TNT July op"]
[Site "Winnipeg CAN"]
[Date "1998.07.21"]
[Round "3"]
[White "Trueman, Francis"]
[Black "Magyar, Peter"]
[Result "1/2-1/2"]
[WhiteElo "1468"]
[BlackElo "1386"]
[PlyCount "122"]
[GameId "2160767911872804"]
[EventDate "1998.07.07"]
[EventType "swiss"]
[EventRounds "4"]
[EventCountry "CAN"]

1. Nf3 d5 2. d3 Bf5 3. Nbd2 Nf6 4. g3 e6 5. Bg2 Be7 6. O-O c6 7. Re1 h6 8. a4 Bh7 9. b3 Qc7 10. Bb2 Nbd7 11. c4 O-O 12. cxd5 cxd5 13. Rc1 Qd8 14. Ne5 Nxe5 15. Bxe5 Bd6 16. Nf3 Bxe5 17. Nxe5 Qd6 18. Nf3 Rac8 19. d4 Ne4 20. Ne5 f6 21. Nd3 Rc7 22. f3 Ng5 23. h4 Nf7 24. Rxc7 Qxc7 25. Nf4 Qd7 26. h5 e5 27. dxe5 Nxe5 28. Qxd5+ Qxd5 29. Nxd5 Bc2 30. f4 Ng4 31. Ne7+ Kf7 32. Rc1 Ne3 33. Kf2 Nxg2 34. Rxc2 Kxe7 35. Kxg2 Rd8 36. Rc7+ Rd7 37. Rc4 Rd6 38. Kf3 Kd7 39. Kg4 Re6 40. e4 Re7 41. a5 Ke6 42. Rc5 Rd7 43. e5 f5+ 44. Kf3 Rd3+ 45. Kg2 Rd7 46. Kh3 Kf7 47. g4 Rd3+ 48. Kh4 g5+ 49. hxg6+ Kxg6 50. e6 fxg4 51. Kxg4 Re3 52. Re5 h5+ 53. Kh4 Rf3 54. Re4 Rf1 55. Kg3 h4+ 56. Kxh4 Rh1+ 57. Kg4 Rh8 58. e7 Re8 59. Re6+ Kf7 60. Kf5 Rxe7 61. Rxe7+ Kxe7 1/2-1/2

[Event "Winnipeg TNT July op"]
[Site "Winnipeg CAN"]
[Date "1998.07.28"]
[Round "4"]
[White "Magyar, Peter"]
[Black "Gibbons, Lorne"]
[Result "1-0"]
[WhiteElo "1386"]
[BlackElo "1377"]
[PlyCount "25"]
[GameId "2160767911872805"]
[EventDate "1998.07.07"]
[EventType "swiss"]
[EventRounds "4"]
[EventCountry "CAN"]

1. e4 e5 2. Nc3 Bc5 3. Bc4 c6 4. Nf3 d6 5. d4 exd4 6. Nxd4 b5 7. Bb3 Qb6 8. Be3 Nf6 9. O-O a5 10. a3 Ba6 11. Re1 Nbd7 12. Nf5 g6 13. Nxd6+ 1-0

[Event "Winnipeg TNT July op"]
[Site "Winnipeg CAN"]
[Date "1998.07.28"]
[Round "4"]
[White "Natwychuk, Norman"]
[Black "Xia, Yanchong"]
[Result "1/2-1/2"]
[WhiteElo "1340"]
[BlackElo "1354"]
[PlyCount "41"]
[GameId "2160767911872806"]
[EventDate "1998.07.07"]
[EventType "swiss"]
[EventRounds "4"]
[EventCountry "CAN"]

1. e4 c5 2. Nf3 d6 3. d3 g6 4. g3 Bg7 5. Bg2 Nf6 6. O-O O-O 7. Re1 Nc6 8. Nbd2 Bd7 9. c3 Re8 10. a4 a6 11. Nf1 b5 12. Bd2 Qb6 13. e5 Ng4 14. exd6 exd6 15. Rxe8+ Rxe8 16. h3 Nge5 17. Nxe5 Nxe5 18. a5 Qc7 19. Bf4 Bc6 20. Bxc6 Qxc6 21. Ne3 1/2-1/2

[Event "Winnipeg TNT July op"]
[Site "Winnipeg CAN"]
[Date "1998.07.28"]
[Round "4"]
[White "Taylor, Gordon2"]
[Black "Remillard, John"]
[Result "1-0"]
[WhiteElo "1635"]
[BlackElo "1608"]
[PlyCount "57"]
[GameId "2160767911872807"]
[EventDate "1998.07.07"]
[EventType "swiss"]
[EventRounds "4"]
[EventCountry "CAN"]

1. c4 Nf6 2. g3 d5 3. cxd5 Qxd5 4. Nf3 e5 5. Nc3 Qc6 6. Bg2 Bc5 7. O-O e4 8. Ng5 Bf5 9. d3 h6 10. Ngxe4 Nxe4 11. Nxe4 Bxe4 12. Bxe4 Qb6 13. e3 Nd7 14. d4 Be7 15. Qc2 O-O-O 16. Bd2 g6 17. Bc3 f5 18. Bg2 h5 19. d5 Bf6 20. e4 h4 21. Rfe1 hxg3 22. hxg3 f4 23. e5 fxg3 24. exf6 gxf2+ 25. Qxf2 Rh5 26. Qxb6 Nxb6 27. f7 Rg5 28. Re8 Rf5 29. Bh3 1-0

[Event "Winnipeg TNT July op"]
[Site "Winnipeg CAN"]
[Date "1998.07.28"]
[Round "4"]
[White "Trueman, Francis"]
[Black "Nikouline, Alexandre"]
[Result "0-1"]
[WhiteElo "1468"]
[BlackElo "2064"]
[PlyCount "52"]
[GameId "2160767911872808"]
[EventDate "1998.07.07"]
[EventType "swiss"]
[EventRounds "4"]
[EventCountry "CAN"]

1. Nf3 Nf6 2. d3 g6 3. g3 Bg7 4. Bg2 O-O 5. O-O c5 6. Nbd2 Nc6 7. c3 d5 8. Re1 d4 9. cxd4 Nxd4 10. e3 Nxf3+ 11. Nxf3 Be6 12. h3 Rc8 13. e4 Qb6 14. Qe2 Nd7 15. Ng5 Ne5 16. Nxe6 Qxe6 17. b3 Nxd3 18. Qxd3 Bxa1 19. Bf4 Bd4 20. Bf1 Rfd8 21. Qe2 c4 22. Rd1 cxb3 23. axb3 Qxb3 24. Rd2 e5 25. Rd3 Qb1 26. Kh2 exf4 0-1

[Event "Winnipeg TNT June op"]
[Site "Winnipeg CAN"]
[Date "1998.06.02"]
[Round "1"]
[White "Boron, Anthony"]
[Black "Trueman, Francis"]
[Result "1-0"]
[WhiteElo "1859"]
[BlackElo "1448"]
[PlyCount "39"]
[GameId "2160767911872970"]
[EventDate "1998.06.02"]
[EventType "swiss"]
[EventRounds "4"]
[EventCountry "CAN"]

1. Nf3 c6 2. g3 d5 3. Bg2 Nd7 4. O-O e5 5. d3 Ngf6 6. Nbd2 a5 7. c4 e4 8. dxe4 dxe4 9. Ng5 e3 10. fxe3 Ng4 11. Ndf3 Bc5 12. Qd3 Qe7 13. Ne4 Bb6 14. Nd6+ Kd8 15. Nf5 Qc5 16. N3d4 Nge5 17. Qd1 g6 18. Nh6 Qf8 19. Nxf7+ Nxf7 20. Ne6+ 1-0

[Event "Winnipeg TNT June op"]
[Site "Winnipeg CAN"]
[Date "1998.06.02"]
[Round "1"]
[White "Easton, Bruce"]
[Black "Williams, Brian"]
[Result "0-1"]
[WhiteElo "1082"]
[BlackElo "1717"]
[PlyCount "66"]
[GameId "2160767911872971"]
[EventDate "1998.06.02"]
[EventType "swiss"]
[EventRounds "4"]
[EventCountry "CAN"]

1. e3 e6 2. d3 d5 3. a3 c5 4. c3 Nf6 5. h3 Nc6 6. b3 Bd7 7. Bb2 Be7 8. g3 O-O 9. Bg2 Re8 10. Ne2 Qc7 11. Nd2 Rad8 12. Nf3 e5 13. Nfg1 Bd6 14. g4 d4 15. e4 h6 16. Nf3 b5 17. O-O Qc8 18. c4 bxc4 19. bxc4 Nh7 20. Ng3 Ne7 21. Bc1 Ng6 22. Nh5 Nf4 23. Bxf4 exf4 24. e5 Bxe5 25. Nxe5 Rxe5 26. Nxf4 Rde8 27. Bd5 Nf6 28. Qd2 Nxd5 29. Nxd5 Bxg4 30. Qf4 Bxh3 31. Rfe1 Rxe1+ 32. Rxe1 Rxe1+ 33. Kh2 Qg4 0-1

[Event "Winnipeg TNT June op"]
[Site "Winnipeg CAN"]
[Date "1998.06.02"]
[Round "1"]
[White "Gibbons, Lorne"]
[Black "Klokow, John"]
[Result "0-1"]
[WhiteElo "1415"]
[BlackElo "1852"]
[PlyCount "34"]
[GameId "2160767911872972"]
[EventDate "1998.06.02"]
[EventType "swiss"]
[EventRounds "4"]
[EventCountry "CAN"]

1. e4 e5 2. Nf3 Nc6 3. Bc4 Nf6 4. d3 Be7 5. Bg5 O-O 6. Nc3 a6 7. Qd2 d6 8. a4 Bg4 9. Nh4 Nd4 10. f3 Be6 11. Bxe6 Nxe6 12. Be3 Nxe4 13. Nxe4 Bxh4+ 14. g3 Be7 15. h4 Qd7 16. b4 f5 17. Nf2 f4 0-1

[Event "Winnipeg TNT June op"]
[Site "Winnipeg CAN"]
[Date "1998.06.02"]
[Round "1"]
[White "Gushuliak, Justin"]
[Black "Lange, John"]
[Result "1-0"]
[WhiteElo "1817"]
[BlackElo "1397"]
[PlyCount "55"]
[GameId "2160767911872973"]
[EventDate "1998.06.02"]
[EventType "swiss"]
[EventRounds "4"]
[EventCountry "CAN"]

1. e4 c6 2. d4 d5 3. Nc3 dxe4 4. Nxe4 Bf5 5. Ng3 Bg6 6. h4 h6 7. Nh3 e6 8. Nf4 Ne7 9. Bc4 b5 10. Bb3 a5 11. a4 Bh7 12. Be3 Nf5 13. Nxf5 Bxf5 14. Qf3 b4 15. O-O-O Qc7 16. g4 Bh7 17. g5 Bf5 18. g6 Bd6 19. gxf7+ Qxf7 20. Rhe1 O-O 21. Nd3 Rc8 22. Nc5 Bxc5 23. dxc5 Nd7 24. Bd4 Nf8 25. Rg1 Bg6 26. Qg4 Re8 27. h5 e5 28. Bxf7+ 1-0

[Event "Winnipeg TNT June op"]
[Site "Winnipeg CAN"]
[Date "1998.06.02"]
[Round "1"]
[White "Ott, Richard"]
[Black "Barg, Andrew"]
[Result "1/2-1/2"]
[WhiteElo "1488"]
[BlackElo "1875"]
[PlyCount "51"]
[GameId "2160767911872974"]
[EventDate "1998.06.02"]
[EventType "swiss"]
[EventRounds "4"]
[EventCountry "CAN"]

1. d4 Nf6 2. c4 g6 3. Nc3 Bg7 4. e4 d6 5. f3 e6 6. Bg5 h6 7. Be3 Nbd7 8. Qd2 e5 9. Nge2 Qe7 10. Nb5 Nb6 11. Ng3 c6 12. Nc3 Bd7 13. Bd3 Rd8 14. a4 exd4 15. Bxd4 Be6 16. a5 Nxc4 17. Bxc4 Bxc4 18. Bxa7 d5 19. Bb6 Rd7 20. Qf4 dxe4 21. Qb8+ Rd8 22. Qxd8+ Qxd8 23. Bxd8 Kxd8 24. O-O-O+ Kc7 25. Ngxe4 Nxe4 26. Nxe4 1/2-1/2

[Event "Winnipeg TNT June op"]
[Site "Winnipeg CAN"]
[Date "1998.06.02"]
[Round "1"]
[White "Sekhar, Ganesan"]
[Black "Herkert, Dean"]
[Result "0-1"]
[WhiteElo "1940"]
[BlackElo "1673"]
[PlyCount "86"]
[GameId "2160767911872975"]
[EventDate "1998.06.02"]
[EventType "swiss"]
[EventRounds "4"]
[EventCountry "CAN"]

1. e4 Nf6 2. e5 Nd5 3. c4 Nb6 4. c5 Nd5 5. Nc3 c6 6. Bc4 Nxc3 7. dxc3 d6 8. Bf4 d5 9. Be2 Nd7 10. b4 b6 11. Nf3 bxc5 12. e6 fxe6 13. bxc5 Qa5 14. O-O Qxc5 15. Re1 g6 16. Rc1 Bg7 17. Ng5 Nf6 18. c4 Ne4 19. Nxe4 dxe4 20. Be3 Qd6 21. Qa4 O-O 22. c5 Qc7 23. Qxe4 Rf5 24. f4 e5 25. g4 Rf8 26. Rf1 Be6 27. f5 Bd5 28. Bc4 Bxc4 29. Rxc4 gxf5 30. gxf5 Bf6 31. Bh6 Rfd8 32. Kh1 Qd7 33. Qg4+ Kh8 34. h4 Qd5+ 35. Kh2 Rg8 36. Qe2 Rad8 37. Ra4 Qxc5 38. Rc1 Qd5 39. Rac4 Rb8 40. Kh3 Rb2 41. Qxb2 Qf3+ 42. Kh2 Qg3+ 43. Kh1 Qh3+ 0-1

[Event "Winnipeg TNT June op"]
[Site "Winnipeg CAN"]
[Date "1998.06.09"]
[Round "2"]
[White "Barg, Andrew"]
[Black "Schulz, Waldemar"]
[Result "0-1"]
[WhiteElo "2016"]
[BlackElo "1875"]
[PlyCount "66"]
[GameId "2160767911872976"]
[EventDate "1998.06.02"]
[EventType "swiss"]
[EventRounds "4"]
[EventCountry "CAN"]

1. e4 c5 2. Nf3 e6 3. c3 Nf6 4. e5 Nd5 5. d4 cxd4 6. cxd4 d6 7. Bc4 Nb6 8. Bb3 dxe5 9. Nxe5 N8d7 10. Bf4 Nf6 11. O-O Be7 12. Nc3 O-O 13. Rc1 Bd7 14. Qf3 Bc6 15. Nxc6 bxc6 16. Be5 Rc8 17. Rfe1 Nbd5 18. Ne4 Nd7 19. Bc2 Re8 20. Qg3 Nxe5 21. dxe5 Qb6 22. Nd6 Bxd6 23. exd6 Red8 24. Qh4 Nf6 25. Red1 Qxb2 26. Ba4 Rxd6 27. Rxd6 Qxc1+ 28. Bd1 Qc5 29. Rd2 Nd5 30. Bc2 g6 31. h3 Qc3 32. Qg5 Kg7 33. h4 h6 0-1

[Event "Winnipeg TNT June op"]
[Site "Winnipeg CAN"]
[Date "1998.06.09"]
[Round "2"]
[White "Gibbons, Lorne"]
[Black "Sekhar, Ganesan"]
[Result "0-1"]
[WhiteElo "1415"]
[BlackElo "1940"]
[PlyCount "46"]
[GameId "2160767911872977"]
[EventDate "1998.06.02"]
[EventType "swiss"]
[EventRounds "4"]
[EventCountry "CAN"]

1. e4 d6 2. d4 g6 3. f4 Bg7 4. Nf3 Nf6 5. e5 Nh5 6. Nc3 O-O 7. Be2 Bh6 8. g3 Bh3 9. Ng1 Bg2 10. Bxh5 Bxh1 11. Bf3 Bxf3 12. Qxf3 Nc6 13. Be3 dxe5 14. dxe5 Nd4 15. Qe4 Nf5 16. Bf2 e6 17. g4 Ne7 18. g5 Bg7 19. Rd1 Qc8 20. Bc5 Re8 21. Qb4 Nc6 22. Qb3 b6 23. Bf2 Rd8 0-1

[Event "Winnipeg TNT June op"]
[Site "Winnipeg CAN"]
[Date "1998.06.09"]
[Round "2"]
[White "Klokow, John"]
[Black "Herkert, Dean"]
[Result "0-1"]
[WhiteElo "1856"]
[BlackElo "1673"]
[PlyCount "106"]
[GameId "2160767911872978"]
[EventDate "1998.06.02"]
[EventType "swiss"]
[EventRounds "4"]
[EventCountry "CAN"]

1. e4 Nf6 2. e5 Nd5 3. d4 d6 4. c4 Nb6 5. f4 dxe5 6. fxe5 Bf5 7. Nc3 e6 8. Be3 Nc6 9. Nf3 Be7 10. Bd3 Bxd3 11. Qxd3 f6 12. exf6 Bxf6 13. O-O O-O 14. Rad1 Qe7 15. Ne4 h6 16. b3 Nd7 17. g4 Nb4 18. Qb1 g5 19. h4 Qh7 20. hxg5 Bxg5 21. Bxg5 hxg5 22. Nexg5 Qxb1 23. Rxb1 Rf6 24. a3 Nc2 25. Kh2 Ne3 26. Rg1 Raf8 27. Kg3 Rf4 28. Kh4 R8f6 29. Kh5 Kg7 30. Kh4 Rh6+ 31. Kg3 Rhf6 32. Kf2 Nxg4+ 33. Ke2 Rg6 34. Rbe1 e5 35. dxe5 Ndxe5 36. Nxe5 Rxg5 37. Nxg4 Rfxg4 38. Rxg4 Rxg4 39. Kd3 Kf7 40. Re3 Rg6 41. b4 Re6 42. Rxe6 Kxe6 43. b5 Ke5 44. Ke3 b6 45. a4 Kd6 46. Kd4 c5+ 47. Kd3 Ke5 48. Ke3 Kf5 49. Kd3 Kf4 50. Kd2 Ke4 51. Kc3 Ke3 52. Kc2 Kd4 53. Kb3 Kd3 0-1

[Event "Winnipeg TNT June op"]
[Site "Winnipeg CAN"]
[Date "1998.06.09"]
[Round "2"]
[White "Trueman, Francis"]
[Black "Easton, Bruce"]
[Result "1-0"]
[WhiteElo "1448"]
[BlackElo "1082"]
[PlyCount "107"]
[GameId "2160767911872979"]
[EventDate "1998.06.02"]
[EventType "swiss"]
[EventRounds "4"]
[EventCountry "CAN"]

1. Nf3 e6 2. d3 d6 3. Nbd2 b6 4. g3 Bb7 5. Bg2 h6 6. O-O Nc6 7. c3 Nf6 8. a4 a5 9. e4 e5 10. Nc4 Ba6 11. Ncd2 Nd7 12. Re1 Be7 13. Qb3 Nc5 14. Qc2 Qd7 15. b3 O-O-O 16. Bb2 Na7 17. Rad1 Bb7 18. Nc4 f5 19. Bh3 Kb8 20. Bxf5 Qe8 21. b4 Qxa4 22. Qe2 axb4 23. Ra1 Qe8 24. cxb4 Na6 25. d4 d5 26. Ncxe5 Bxb4 27. Red1 Qb5 28. Qxb5 Nxb5 29. Nf7 dxe4 30. N3e5 Nc3 31. Bxc3 Bxc3 32. Rac1 Rxd4 33. Nxh8 Rxd1+ 34. Rxd1 Bxe5 35. Rd8+ Ka7 36. Re8 Bd6 37. Nf7 Bc6 38. Nxd6 Bxe8 39. Nxe8 c5 40. Nxg7 b5 41. Bxe4 c4 42. Ne6 b4 43. Nd4 Kb6 44. Bc2 Kc5 45. Ne6+ Kd5 46. Nf4+ Kd4 47. Ne2+ Kc5 48. Nc1 Nc7 49. Kf1 Nb5 50. Ke2 Nd4+ 51. Kd2 c3+ 52. Kd3 Nxc2 53. Kxc2 Kc4 54. f4 1-0